On active service in peace and war (Record no. 241745)

MARC details
000 -LEADER
fixed length control field 00653nam a2200241Ia 4500
003 - CONTROL NUMBER IDENTIFIER
control field OSt
005 - DATE AND TIME OF LATEST TRANSACTION
control field 20220918205940.0
008 - FIXED-LENGTH DATA ELEMENTS--GENERAL INFORMATION
fixed length control field 220917b |||||||| |||| 00| 0 eng d
037 ## - SOURCE OF ACQUISITION
Terms of availability Textual
040 ## - CATALOGING SOURCE
Original cataloging agency ARTS
Transcribing agency ARTS
Language of cataloging eng
041 ## - LANGUAGE CODE
Source of code eng
Language code of text/sound track or separate title eng
100 ## - MAIN ENTRY--PERSONAL NAME
Personal name Stimson Henry L
9 (RLIN) 116620
245 #0 - TITLE STATEMENT
Title On active service in peace and war
260 ## - PUBLICATION, DISTRIBUTION, ETC.
Date of publication, distribution, etc. 1948
650 ## - SUBJECT ADDED ENTRY--TOPICAL TERM
Topical term or geographic name entry element HISTORY
700 ## - ADDED ENTRY--PERSONAL NAME
Personal name Bundy Mc George
9 (RLIN) 116621
942 ## - ADDED ENTRY ELEMENTS (KOHA)
Classification part V73L:19wM67, H8,H8;1
Koha item type Textual
Source of classification or shelving scheme Colon Classification (CC)
Holdings
Withdrawn status Lost status Damaged status Not for loan Home library Current library Date acquired Total Checkouts Full call number Barcode Date last seen Price effective from Koha item type
        Arts Library Arts Library 2022-09-18   V73L:19wM67 H8,H8;1 AL0087933 2022-09-18 2022-09-18 Textual
Copyright @ Delhi University Library System